000 01570cad a22002415a 4500
001 E144632
008 080801s2007 stk f 000 0 eng d
035 _a(Sirsi) u144632
041 0 _aeng
110 2 _aChartered Institute of Arbitrators
_bScottish Branch
_93828
245 0 4 _aThe Scottish arbitration code 2007
_balso known as the Scottish arbitration rules 2007
_h[electronic resource]
260 _a[S.l.]
_bChartered Institute of Arbitrators, Scottish Branch
_c2007
505 2 _aCommencement of the arbitration -- Notices and communications -- Qualifications of the arbitrator -- Challenge of the arbitrator -- Replacement of the arbitrator -- The arbitrator's remuneration -- Communications with the arbitrator -- Exclusion of liability -- Seat of the arbitration -- Substantive law applicable -- Conduct of proceedings generally -- Additional powers of the arbitrator -- Evidence, hearings and submissions -- Evidence of witnesses -- Experts -- Interim measures -- Closure of proceedings -- The award -- Correction of awards -- Expenses -- Settlement
520 _aCode of practice for an arbitration carried out in Scotland.
521 _aAdvanced
590 _aKA
650 2 4 _aSCOTTISH ARBITRATION RULES 2007
650 2 4 _aSCOTTISH ARBITRATION CODE 2007
651 4 _aScotland
_y1999-
690 _aMANAGEMENT-DISPUTE AVOIDANCE, MANAGEMENT AND RESOLUTION-DISPUTE MANAGEMENT AND RESOLUTION-ARBITRATION
856 4 0 _uhttps://www.ciarb.org/scotland/arbitration/arbitration-code/
_zView the code free of charge at www.ciarb.org/scotland
942 _n0
999 _c108567
_d108567